Hans Holbein / (Rekord nr 50031)
| 000 -ETYKIETA REKORDU | |
|---|---|
| podpole kontrolne o stałej długości | 01044nam a2200325 i 4500 |
| 001 - NUMER KONTROLNY REKORDU | |
| pole kontrolne | 50031 |
| 003 - IDENTYFIKATOR NUMERU KONTROLNEGO REKORDU | |
| podpole kontrolne | KOSZ 005 |
| 005 - DATA OSTATNIEJ MODYFIKACJI REKORDU | |
| podpole kontrolne | 20210930130608.0 |
| 008 - POLE O STAŁEJ DŁUGOŚCI - DANE KONTROLNE | |
| podpole kontrolne o stałej długości | 950505s1967 gw a g |000 0 ger d |
| 040 ## - ŹRÓDŁO KATALOGOWANIA | |
| Instytucja, która utworzyła rekord | KOSZ 005 |
| Instytucja, która sporządziła opis | KOSZ005 |
| Instytucja, która dokonała modyfikacji | KOSZ 005/HR |
| 041 0# - KOD JĘZYKA | |
| Kod języka tekstu | ger |
| 046 ## - DATY KODOWANE | |
| Pojedyncza data lub początek okresu powstania dzieła lub zbioru dzieł | 1967 |
| 080 ## - UNIWERSALNA KLASYFIKACJA DZIESIĘTNA - UKD | |
| UKD | 75(430) |
| 100 1# - NAZWA OSOBOWA | |
| Nazwa osobowa | Grohn, Hans Werner |
| Określenie rodzaju współpracy | Autor |
| 245 10 - TYTUŁ/ODPOWIEDZIALNOŚĆ | |
| Tytuł | Hans Holbein / |
| Pozostałe elementy strefy tytułu i oznaczenia odpowiedzialności | Hans Werner Grohn. |
| 260 ## - STREFA ADRESU WYDAWNICZEGO | |
| Miejsce wydania | Bergisch Gladbach : |
| Nazwa wydawcy/dystrybutora | Bastei-Verlag Gustav H. Lübbe, |
| Data publikacji, dystrybucji/powstania dokumentu | 1967. |
| 300 ## - STREFA OPISU FIZYCZNEGO | |
| Objętość | [7] s., [XVI] k. : |
| Inne cechy fizyczne | il. ; |
| Rozmiary | 36 cm. |
| 380 ## - FORMA I TYP PUBLIKACJI | |
| Forma i typ publikacji | Książki |
| 388 ## - CZAS POWSTANIA | |
| Czas powstania | 1901-2000 |
| 388 ## - CZAS POWSTANIA | |
| Czas powstania | 1945-1989 |
| 490 1# - STREFA SERII I DOKUMENTU WIELOCZĘŚCIOWEGO - FORMA NIE DO WYSZUKIWANIA | |
| Tytuł i oznaczenie odpowiedzialności serii | Bastei Galerie der grossen Maler |
| Numeracja w obrębie serii | Nr. 16 |
| 600 1# - HASŁO PRZEDMIOTOWE W FORMIE NAZWY OSOBOWEJ | |
| Nazwa osobowa | Holbein, Hans |
| Daty związane z nazwą | (ca 1497-1543) |
| 648 #4 - HASŁO PRZEDMIOTOWE - TERMIN CHRONOLOGICZNY | |
| Termin chronologiczny | 1501-1600 |
| 650 #4 - HASŁO PRZEDMIOTOWE W FORMIE NAZWY OGÓLNEJ LUB JEDNOSTKOWEJ | |
| Nazwa ogólna lub geograficzna | Malarze niemieccy |
| 655 #4 - TERMIN INDEKSOWY - OKREŚLENIE RODZAJU/FORMY DOKUMENTU | |
| Określenie rodzaju/formy dokumentu | Malarstwo niemieckie |
| 658 ## - TERMIN INDEKSOWY - PRZEDMIOT PROGRAMU NAUCZANIA | |
| Główny przedmiot programu nauczania | Kultura i sztuka |
| 830 #0 - HASŁO DODATKOWE SERII LUB DOKUMENTU WIELOCZĘŚCIOWEGO - TYTUŁ UJEDNOLICONY | |
| Tytuł ujednolicony | Bastei Galerie der grossen Maler |
| 856 ## - LOKALIZACJA I DOSTĘP DO ELEKTRONICZNYCH DOKUMENTÓW ZDALNYCH | |
| Link (URL) | http://koha.tu.koszalin.pl/cgi-bin/koha/opac-detail.pl?biblionumber=50031 |
| Tekst linku | Katalog online BPK |
| 942 ## - DODATKOWE ELEMENTY (KOHA) | |
| Typ dokumentu | Książka |
| Schemat klasyfikacji | Uniwersalna Klasyfikacja Dziesiętna |
| Wycofany | Status egzemplarza | Uszkodzony | Dostępność | Lokalizacja stała | Lokalizacja bieżąca | Miejsce przechowywania | Sygnatura | Kod kreskowy | Typ dokumentu |
|---|---|---|---|---|---|---|---|---|---|
| Dostępny | Biblioteka Politechniki Koszalińskiej | Biblioteka Politechniki Koszalińskiej | Wypożyczalnia BG | S 2658 | 02435589 | Książka |
